| 000 | 00534naa a22001217u 4500 | ||
|---|---|---|---|
| 008 | 130517b1992 xxu||||| |||| 00| 0 spa d | ||
| 040 | _aSPA | ||
| 100 | 1 |
_aManso Pérez, Francisco _97860 |
|
| 245 | 0 | 0 | _aSanto Tomás de Auino: Límites y paertura de la razón humana |
| 300 |
_a373-380 p. _c21 cm. |
||
| 773 | 0 |
_tActas del I Congreso Nacional de Filosofía Medieval _aAYALA MARTÍNEZ, Jorge M.;BARCELÓ, José María; SÁNCHEZ, Alberto _dZaragoza,Sociedad de Filosofía Medieval,1992, _gpágs. 373-380 _z84-87007-75-9, _w68573 |
|
| 942 | _cAC | ||
| 999 |
_c220325 _d220325 |
||